[Event "BCF-chT4 0304 (4NCL)"]
[Site "West Bromwich "]
[Date "2004.01.24"]
[Round "3.5"]
[White "Alderson, Michael J"]
[Black "Bourne, Johnathan"]
[Result "0-1"]
[WhiteElo "1960"]
[BlackElo "2032"]
[PlyCount "80"]
[EventDate "2003.10.??"]
[EventType "team-tourn"]
[EventRounds "11"]
[EventCountry "ENG"]
[SourceTitle "EXT 2005"]
[Source "ChessBase"]
[SourceDate "2004.11.15"]
[SourceVersion "1"]
[SourceVersionDate "2004.11.15"]
[SourceQuality "1"]
[WhiteTeam "Cheddleton"]
[BlackTeam "Brown Jack"]
[WhiteTeamCountry "ENG"]
[BlackTeamCountry "ENG"]

1. Nf3 Nf6 2. d4 g6 3. Bf4 d6 4. e3 Bg7 5. h3 0-0 6. Nbd2 Nbd7 7. Be2 Re8 8. Bh2 e5 9. 0-0 h6 10. c4 c6 11. Rc1 b6 12. Nb3 c5 13. dxe5 dxe5 14. Nxe5 Bb7 15. Bf3 Bxf3 16. Nxf3 Ne4 17. Rc2 Qe7 18. Qe2 f5 19. Rd1 Ndf6 20. Nbd2 Rad8 21. Nxe4 Nxe4 22. Rcc1 Kh7 23. Rd5 Rxd5 24. cxd5 Qf6 25. b3 Nc3 26. Qd3 Nxa2 27. Rd1 Nb4 28. Qb5 Rd8 29. d6 Qe6 30. Qc4 Qxc4 31. bxc4 Rd7 32. Be5 Nc6 33. Bg3 Na5 34. Ne5 Bxe5 35. Bxe5 Nxc4 36. Bf4 g5 37. Bg3 Kg6 38. Rc1 Na5 39. Ra1 Kf7 40. Kf1 Ke6 0-1